Aspectos de la lucha política en Roma: en la segunda mitad del siglo III a.C
Tallennettuna:
| Päätekijä: | |
|---|---|
| Aineistotyyppi: | Kirja |
| Kieli: | espanja |
| Julkaistu: |
Valparaíso, Chile
Universitarias de Valparaíso
1988
|
| Sarja: | Colección Universidad. Serie Investigación
|
| Aiheet: | |
| Tagit: |
Lisää tagi
Ei tageja, Lisää ensimmäinen tagi!
|
MARC
| LEADER | 00000nam a2200000 a 4500 | ||
|---|---|---|---|
| 001 | UCW9891 | ||
| 003 | CL-VaPUC | ||
| 005 | 20220830074156.0 | ||
| 008 | 890704e19880000CL |||||||||||||||||spa|d | ||
| 999 | |c 221736 |d 221734 | ||
| 040 | |c Pontificia Universidad Católica de Valparaíso | ||
| 082 | 0 | 4 | |a 937.03 BUO 1988 |2 21 |
| 100 | 0 | |a Buono-Core Varas, Raúl Andrés |9 315347 | |
| 245 | 1 | 0 | |a Aspectos de la lucha política en Roma: en la segunda mitad del siglo III a.C |
| 260 | 0 | 3 | |a Valparaíso, Chile |b Universitarias de Valparaíso |c 1988 |
| 300 | |a 141 páginas | ||
| 490 | 0 | |a Colección Universidad. Serie Investigación | |
| 583 | |a last modification |c 20120606 03:51:16 |k Rodrigo Vera | ||
| 650 | 7 | |a POLITICA MILITAR |2 CL-VaPUC |9 315348 | |
| 650 | 0 | |a Historia militar |9 268297 | |
| 650 | 0 | |a Historia de Roma |9 315349 | |
| 650 | 0 | |a Iconografía |9 267998 | |
| 650 | 0 | |a Académicos |x Pontificia Universidad Católica de Valparaíso (PUCV) |9 255553 | |
| 650 | 0 | |a Archivo histórico PUCV |9 255554 | |
| 651 | 0 | |a Roma |9 255106 | |
| 942 | |c BK |2 ddc | ||
| 945 | |d 19890704 00:00:00 | ||
| 952 | |0 0 |1 0 |2 ddc |4 0 |6 937_030000000000000_BUO_1988 |7 0 |8 A |9 215520 |a BIBHIS |b BIBHIS |d 2019-11-15 |i 2839407 |o 937.03 BUO 1988 |p 2839407 |r 2025-01-20 |t 1 |w 2019-11-15 |y BK |k HIS | ||
| 952 | |0 0 |1 0 |2 ddc |4 0 |6 937_030000000000000_BUO_1988 |7 0 |8 A |9 215521 |a BIBHIS |b BIBHIS |d 2019-11-15 |i 2839415 |o 937.03 BUO 1988 |p 2839415 |r 2025-01-20 |t 2 |w 2019-11-15 |y BK |k HIS | ||
| 952 | |0 0 |1 0 |2 ddc |4 0 |6 937_030000000000000_BUO_1988 |7 0 |8 A |9 215522 |a BIBHIS |b BIBHIS |d 2019-11-15 |i 2839423 |o 937.03 BUO 1988 |p 2839423 |r 2025-01-20 |t 3 |w 2019-11-15 |y BK |k HIS | ||
| 952 | |0 0 |1 0 |2 ddc |4 0 |6 937_030000000000000_BUO_1988 |7 0 |8 A |9 215523 |a BIBHIS |b BIBHIS |d 2019-11-15 |i 2839431 |o 937.03 BUO 1988 |p 2839431 |r 2025-01-20 |t 4 |w 2019-11-15 |y BK |k HIS | ||
| 952 | |0 0 |1 0 |2 ddc |4 0 |6 937_030000000000000_BUO_1988 |7 0 |8 A |9 215524 |a BIBHIS |b BIBHIS |d 2019-11-15 |i 283944K |o 937.03 BUO 1988 |p 283944K |r 2025-01-20 |t 5 |w 2019-11-15 |y BK |k HIS | ||
| 952 | |0 0 |1 0 |2 ddc |4 0 |6 937_030000000000000_BUO_1988 |7 0 |8 A |9 215525 |a BIBHIS |b BIBHIS |d 2019-11-15 |i 2839458 |o 937.03 BUO 1988 |p 2839458 |r 2025-01-20 |t 6 |w 2019-11-15 |y BK |k HIS | ||
| 952 | |0 0 |1 0 |2 ddc |4 0 |6 937_030000000000000_BUO_1988 |7 0 |8 A |9 215526 |a BIBHIS |b BIBHIS |d 2019-11-15 |i 2839466 |o 937.03 BUO 1988 |p 2839466 |r 2025-01-20 |t 7 |w 2019-11-15 |y BK |k HIS | ||
| 952 | |0 0 |1 0 |2 ddc |4 0 |6 937_030000000000000_BUO_1988 |7 0 |8 A |9 215527 |a BIBHIS |b BIBHIS |d 2019-11-15 |i 4071980 |l 1 |m 6 |o 937.03 BUO 1988 |p 4071980 |r 2025-01-20 |s 2022-05-13 |t 8 |w 2019-11-15 |y BK |k HIS | ||
| 952 | |0 0 |1 0 |2 ddc |4 0 |6 937_030000000000000_BUO_1988 |7 0 |8 X |9 215528 |a FDOBUD |b FDOBUD |d 2019-11-15 |i 1075942 |o 937.03 BUO 1988 |p 1075942 |r 2019-11-15 |t 9 |w 2019-11-15 |y BK_X |k FHP | ||